[Event "CZE-chT1E 0607"]
[Site "Czech Republic"]
[Date "2006.12.10"]
[Round "4.5"]
[White "Stratil, Ladislav Jr"]
[Black "Pazdziora, Michal"]
[Result "1/2-1/2"]
[WhiteElo "2383"]
[BlackElo "2151"]
[PlyCount "83"]
[EventDate "2006.10.15"]
[EventType "team"]
[EventRounds "11"]
[EventCountry "CZE"]
[SourceTitle "EXT 2008"]
[Source "ChessBase"]
[SourceDate "2007.11.25"]
[SourceVersion "1"]
[SourceVersionDate "2007.11.25"]
[SourceQuality "1"]

1. e4 c5 2. Nf3 Nc6 3. d3 g6 4. g3 Bg7 5. Bg2 d6 6. 0-0 Nf6 7. Re1 0-0 8. Nbd2 Rb8 9. Nf1 b5 10. Ne3 Ne8 11. Nd2 e5 12. a4 a6 13. axb5 axb5 14. Ndf1 Nc7 15. h4 h5 16. Bd2 Be6 17. Nd5 f5 18. Bg5 Qd7 19. Nxc7 Qxc7 20. exf5 Bxf5 21. Ne3 Be6 22. c3 Ne7 23. Qd2 Bf6 24. Bxf6 Rxf6 25. d4 exd4 26. cxd4 Nf5 27. Nxf5 Bxf5 28. Qh6 Qf7 29. dxc5 dxc5 30. Rad1 Be6 31. Qe3 Rf8 32. Rd6 Bc4 33. Rxf6 Qxf6 34. b3 Bf7 35. Qxc5 Bxb3 36. f4 Rb8 37. Kh2 Bf7 38. Qb4 Re8 39. Ra1 Bc4 40. Ra2 Qe7 41. Qb1 Qe6 42. Qd1 1/2-1/2

[Event "CZE-chT1E 0607"]
[Site "Czech Republic"]
[Date "2006.10.22"]
[Round "1.5"]
[White "Stratil, Ladislav Jr"]
[Black "Splichal, Stanislav"]
[Result "1/2-1/2"]
[WhiteElo "2393"]
[BlackElo "2215"]
[PlyCount "68"]
[EventDate "2006.10.15"]
[EventType "team"]
[EventRounds "11"]
[EventCountry "CZE"]
[SourceTitle "EXT 2008"]
[Source "ChessBase"]
[SourceDate "2007.11.25"]
[SourceVersion "1"]
[SourceVersionDate "2007.11.25"]
[SourceQuality "1"]

1. e4 c6 2. d3 d5 3. Nd2 e5 4. Ngf3 Bd6 5. g3 Nf6 6. Bg2 0-0 7. 0-0 Re8 8. Re1 Nbd7 9. b3 a5 10. a4 Bb4 11. Bb2 d4 12. Ba3 Bxa3 13. Rxa3 Qe7 14. Nc4 Rb8 15. Ra2 b6 16. Qd2 Ba6 17. Nb2 Nf8 18. Nh4 g6 19. Bh3 Nh5 20. Nf3 f6 21. Nc4 Ng7 22. Nh4 Qb4 23. Qxb4 axb4 24. Nd2 Ra8 25. Bg2 Nge6 26. f4 Nd7 27. Ndf3 Bb7 28. Kf2 Kf7 29. Rf1 Kg7 30. Rfa1 Ra5 31. Nd2 Ba6 32. Ndf3 Bb7 33. Ke2 Nec5 34. Nd2 Ba6 1/2-1/2

[Event "CZE-chT 0203"]
[Site "Czech Republic"]
[Date "2003.03.15"]
[Round "8"]
[White "Walek, Milan"]
[Black "Stratil, Ladislav Jr"]
[Result "1/2-1/2"]
[WhiteElo "2330"]
[BlackElo "2356"]
[PlyCount "93"]
[EventDate "2002.10.01"]
[EventType "team"]
[EventRounds "11"]
[EventCountry "CZE"]
[SourceTitle "EXT 2004"]
[Source "ChessBase"]
[SourceDate "2003.11.25"]
[SourceVersion "1"]
[SourceVersionDate "2003.11.25"]
[SourceQuality "1"]
[WhiteTeam "Trinec"]
[BlackTeam "Litovel"]
[WhiteTeamCountry "CZE"]
[BlackTeamCountry "CZE"]

1. e4 g6 2. d4 Bg7 3. Nc3 d6 4. Be3 e6 5. Nf3 h6 6. Be2 Nd7 7. 0-0 Ne7 8. a4 a6 9. a5 Nf6 10. h3 d5 11. Bd3 Bd7 12. Re1 Kf8 13. Ne5 Be8 14. Qf3 Kg8 15. Ra3 Nc6 16. exd5 exd5 17. Nxc6 Bxc6 18. Bf4 Qd7 19. Raa1 Re8 20. Be5 Re6 21. Ne2 Nh5 22. Bh2 Nf6 23. Be5 Nh5 24. Bh2 Nf6 25. c3 Bb5 26. Bxb5 axb5 27. Be5 g5 28. Ng3 Ne8 29. Bxg7 Nxg7 30. Rxe6 Qxe6 31. Qd3 c6 32. Kf1 Qg6 33. Qxg6 fxg6 34. a6 Kf7 35. axb7 Rb8 36. Ra6 Rxb7 37. Rxc6 Ne6 38. Ne2 Ke7 39. g3 b4 40. Ra6 bxc3 41. bxc3 Rb1+ 42. Kg2 Re1 43. Ng1 Rc1 44. Ra3 Nc7 45. Rb3 Ne8 46. Rb7+ Kf8 47. Ne2 1/2-1/2